Sun Kil Moon songs (first 6 albums) - Statistics

General Stats
  • This quiz has been taken 16 times
  • The average score is 35 of 71
Answer Stats
Year Album Song % Correct
2012 Among the Leaves Among the Leaves
100%
2014 Benji Carissa
100%
2003 Ghosts of the Great Highway Carry Me Ohio
100%
2003 Ghosts of the Great Highway Duk Koo Kim
100%
2014 Benji I Can't Live Without My Mother's Love
100%
2014 Benji I Love My Dad
100%
2014 Benji Richard Ramirez Died Today of Natural Causes
100%
2010 Admiral Fell Promises Alesund
75%
2014 Benji Ben's My Friend
75%
2005 Tiny Cities Convenient Parking
75%
2014 Benji Dogs
75%
2003 Ghosts of the Great Highway Floating
75%
2003 Ghosts of the Great Highway Glenn Tipton
75%
2014 Benji I Watched the Film the Song Remains the Same
75%
2014 Benji Jim Wise
75%
2014 Benji Micheline
75%
2005 Tiny Cities Never-ending Math Equation
75%
2014 Benji Pray for Newtown
75%
2003 Ghosts of the Great Highway Salvador Sanchez
75%
2003 Ghosts of the Great Highway Si, Paloma
75%
2003 Ghosts of the Great Highway Somewhere
75%
2014 Benji Truck Driver
75%
2010 Admiral Fell Promises Bay of Skulls
50%
2005 Tiny Cities Dramamine
50%
2005 Tiny Cities Exit Does Not Exist
50%
2005 Tiny Cities Four Fingered Fisherman
50%
2003 Ghosts of the Great Highway Gentle Moon
50%
2005 Tiny Cities Grey Ice Water
50%
2010 Admiral Fell Promises Half Moon Bay
50%
2008 April Heron Blue
50%
2003 Ghosts of the Great Highway Last Tide
50%
2003 Ghosts of the Great Highway Lily and Parrots
50%
2005 Tiny Cities Ocean Breathes Salty
50%
2003 Ghosts of the Great Highway Pancho Villa
50%
2012 Among the Leaves Song for Richard Collopy
50%
2012 Among the Leaves Sunshine in Chicago
50%
2005 Tiny Cities Tiny Cities Made of Ashes
50%
2005 Tiny Cities Trucker's Atlas
50%
2012 Among the Leaves UK Blues
50%
2012 Among the Leaves UK Blues 2
50%
2012 Among the Leaves Young Love
50%
2010 Admiral Fell Promises Admiral Fell Promises
25%
2010 Admiral Fell Promises Australian Winter
25%
2012 Among the Leaves Black Kite
25%
2008 April Blue Orchids
25%
2010 Admiral Fell Promises Church of the Pines
25%
2012 Among the Leaves Elaine
25%
2008 April Harper Road
25%
2012 Among the Leaves I Know It's Pathetic but That Wasthe Greatest Night of My Life
25%
2005 Tiny Cities Jesus Christ Was an Only Child
25%
2012 Among the Leaves King Fish
25%
2008 April Like the River
25%
2012 Among the Leaves Lonely Mountain
25%
2008 April Lost Verses
25%
2008 April Lucky Man
25%
2008 April Moorestown
25%
2012 Among the Leaves Not Much Rhymes With Everything's Awesomeat All Times
25%
2012 Among the Leaves Red Poison
25%
2010 Admiral Fell Promises Sam Wong Hotel
25%
2005 Tiny Cities Space Travel Is Boring
25%
2012 Among the Leaves That Bird Has a Broken Wing
25%
2010 Admiral Fell Promises The Leaning Tree
25%
2008 April The Light
25%
2012 Among the Leaves The Moderately Talented Yet Attractive Young Woman vs. the Exceptionally Talented Yet Not So Attractive Middle Aged Man
25%
2012 Among the Leaves The Winery
25%
2010 Admiral Fell Promises Third and Seneca
25%
2008 April Tonight in Bilbao
25%
2008 April Tonight the Sky
25%
2012 Among the Leaves Track Number 8
25%
2008 April Unlit Hallway
25%
2010 Admiral Fell Promises You Are My Sun
25%
No matching quizzes found
Score Distribution
Percent of People with Each Score
Percentile by Number Answered
Your Score History
You have not taken this quiz